<?xml version="1.0" encoding="UTF-8"?>
<collection xmlns="http://www.loc.gov/MARC21/slim">
<record>
  <controlfield tag="001">170988</controlfield>
  <controlfield tag="005">20260430151736.0</controlfield>
  <datafield tag="024" ind1="7" ind2=" ">
    <subfield code="2">doi</subfield>
    <subfield code="a">10.18280/acsm.500101</subfield>
  </datafield>
  <datafield tag="024" ind1="8" ind2=" ">
    <subfield code="2">sideral</subfield>
    <subfield code="a">149052</subfield>
  </datafield>
  <datafield tag="037" ind1=" " ind2=" ">
    <subfield code="a">ART-2026-149052</subfield>
  </datafield>
  <datafield tag="041" ind1=" " ind2=" ">
    <subfield code="a">eng</subfield>
  </datafield>
  <datafield tag="100" ind1=" " ind2=" ">
    <subfield code="a">Kouzrit, Daoud</subfield>
  </datafield>
  <datafield tag="245" ind1=" " ind2=" ">
    <subfield code="a">Oxide effect on the dielectric behavior of a ternary titanate-based composite: exploration on broadband dielectric permittivity</subfield>
  </datafield>
  <datafield tag="260" ind1=" " ind2=" ">
    <subfield code="c">2026</subfield>
  </datafield>
  <datafield tag="520" ind1="3" ind2=" ">
    <subfield code="a">This article examines the dispersion phenomenon and the influence of silicon dioxide (SiO2) on the complex permittivity of binary composites made of epoxy resin (RE) and barium titanate (BaTiO₃). Using Time-Domain Spectroscopy (TDS), the samples were characterized over a frequency range from DC to 30 GHz. The volume fractiondependent relative permittivity of these composites was modeled using the modified Lichtenecker mixing law (MLL). Numerical optimization was employed to refine the model parameters, offering predictive insights into dielectric permittivity and shape factor coefficients for ternary composites. Comparative analysis confirms the model's suitability for binary and ternary composites, with an efficiency estimated at an average error of less than 2%. A Lorentzian resonance model is proposed to characterize the frequency-dependent behavior of the complex permittivity. The frequency dispersion profile of this ternary composite permittivity, exhibiting both relaxation and resonance spectra, shows a clear evolution with increasing BaTiO₃ content. Our empirical model provides a robust description of the resonance-type complex permittivity for BaTiO₃ and silica composites. The inclusion of SiO2 in the binary composite produced remarkable effects on the composite permittivity and loss tangent (tan δ) values, as these dropped drastically by 60%. These materials are promising for the miniaturization of electronic components in microelectronics and telecommunications applications.</subfield>
  </datafield>
  <datafield tag="506" ind1="0" ind2=" ">
    <subfield code="a">Access copy available to the general public</subfield>
    <subfield code="f">Unrestricted</subfield>
  </datafield>
  <datafield tag="540" ind1=" " ind2=" ">
    <subfield code="9">info:eu-repo/semantics/openAccess</subfield>
    <subfield code="a">by</subfield>
    <subfield code="u">https://creativecommons.org/licenses/by/4.0/deed.es</subfield>
  </datafield>
  <datafield tag="655" ind1=" " ind2="4">
    <subfield code="a">info:eu-repo/semantics/article</subfield>
    <subfield code="v">info:eu-repo/semantics/publishedVersion</subfield>
  </datafield>
  <datafield tag="700" ind1=" " ind2=" ">
    <subfield code="a">Khouni, Habib</subfield>
  </datafield>
  <datafield tag="700" ind1=" " ind2=" ">
    <subfield code="a">Bourouba, Nacerdine</subfield>
  </datafield>
  <datafield tag="700" ind1=" " ind2=" ">
    <subfield code="a">Bouzit, Nacerdine</subfield>
  </datafield>
  <datafield tag="700" ind1=" " ind2=" ">
    <subfield code="a">Brahimi, Abdelhalim</subfield>
  </datafield>
  <datafield tag="700" ind1=" " ind2=" ">
    <subfield code="a">Martinez J., Juan Pablo</subfield>
    <subfield code="u">Universidad de Zaragoza</subfield>
    <subfield code="0">(orcid)0000-0001-9221-9306</subfield>
  </datafield>
  <datafield tag="710" ind1="2" ind2=" ">
    <subfield code="1">2002</subfield>
    <subfield code="2">247</subfield>
    <subfield code="a">Universidad de Zaragoza</subfield>
    <subfield code="b">Dpto. Física Aplicada</subfield>
    <subfield code="c">Área Electromagnetismo</subfield>
  </datafield>
  <datafield tag="773" ind1=" " ind2=" ">
    <subfield code="g">50, 1 (2026), 1-11</subfield>
    <subfield code="p">Ann. chim.</subfield>
    <subfield code="t">ANNALES DE CHIMIE-SCIENCE DES MATERIAUX</subfield>
    <subfield code="x">0151-9107</subfield>
  </datafield>
  <datafield tag="856" ind1="4" ind2=" ">
    <subfield code="s">1438057</subfield>
    <subfield code="u">http://zaguan.unizar.es/record/170988/files/texto_completo.pdf</subfield>
    <subfield code="y">Versión publicada</subfield>
  </datafield>
  <datafield tag="856" ind1="4" ind2=" ">
    <subfield code="s">3000632</subfield>
    <subfield code="u">http://zaguan.unizar.es/record/170988/files/texto_completo.jpg?subformat=icon</subfield>
    <subfield code="x">icon</subfield>
    <subfield code="y">Versión publicada</subfield>
  </datafield>
  <datafield tag="909" ind1="C" ind2="O">
    <subfield code="o">oai:zaguan.unizar.es:170988</subfield>
    <subfield code="p">articulos</subfield>
    <subfield code="p">driver</subfield>
  </datafield>
  <datafield tag="951" ind1=" " ind2=" ">
    <subfield code="a">2026-04-30-13:58:31</subfield>
  </datafield>
  <datafield tag="980" ind1=" " ind2=" ">
    <subfield code="a">ARTICLE</subfield>
  </datafield>
</record>
</collection>